| 000 | 00607cam a22002052a 4500 | ||
|---|---|---|---|
| 001 | 006436 | ||
| 003 | AR-FADEU | ||
| 008 | 311216n1973####xxu####################dd | ||
| 092 |
_a338.982 _bA473d |
||
| 100 | _aAlvarez, Fernando | ||
| 245 | _aDesarrollo capitalista y estructura de la dependencia | ||
| 260 | _aBuenos Aires | ||
| 260 | _bEditora Latina | ||
| 260 | _c1973 | ||
| 300 | _a67 p | ||
| 440 |
_aManifiestos _n2 |
||
| 500 | _aIncluye bibliografía | ||
| 650 | _aDESARROLLO CAPITALISTA-ARGENTINA; DEPENDENCIA ECONOMICA-ARGENTINA; ECONOMIA ARGENTINA; CAPITALISMO-ARGENTINA | ||
| 942 | _cBDGR | ||
| 999 |
_c12256 _d12256 |
||